000 01340cam a2200385 a 4500
001 15031780
003 OSt
005 20230619155147.0
008 071003s2005 ke a b 000 0 eng
010 _a 2007381881
020 _a9966710809
040 _aDLC
_cDLC
_dDLC
042 _alcode
082 _a305.4
_bWAR
100 1 _aWard, Jeanne.
245 1 0 _aBroken bodies, broken dreams :
_bviolence against women exposed /
_c[lead writer, Jeanne Ward ; associate writers, Jackie Kirk ... [et al.] ; editor, Lisa Ernst].
260 _a[Nairobi] :
_bOCHA/IRIN,
_cc2005.
300 _a250 p. :
_bill. ;
_c23 x 26 cm.
500 _a"A United Nations OCHA/IRIN publication."
504 _aIncludes bibliographical references (p. 237-250).
650 0 _aWomen
_xViolence against.
650 0 _aSex crimes.
650 0 _aChild abuse.
650 0 _aChild sexual abuse.
650 0 _aGirls
_xCrimes against.
650 0 _aChild marriage.
650 0 _aSex discrimination against women.
650 0 _aMale domination (Social structure)
700 1 _aKirk, Jackie,
_d1968-2008.
700 1 _aErnst, Lisa.
856 4 1 _3Table of contents only
_uhttp://www.loc.gov/catdir/toc/fy0803/2007381881.html
906 _a7
_bibc
_corigode
_d3
_encip
_f20
_gy-gencatlg
942 _2ddc
_cBK
999 _c1404
_d1404